000 00464nam a22001697a 4500
005 20160613094527.0
008 160613b xxu||||| |||| 00| 0 eng d
020 _a0-7619-9326-6
041 _aeng
082 _b7032
100 _aBrosius, Christance Butcher, Melissa
_91743
245 _aImage Journeys Audio Visual Media & Cultural Change in India
260 _aNew Delhi
_bSaye Publication
_c1999
300 _a328
650 _aManagement
_9241
942 _cBK
999 _c2454
_d2453